| 000 | 01303cam a22002891 4500 | ||
|---|---|---|---|
| 001 | hew65000044 | ||
| 003 | DLC | ||
| 005 | 20260227111513.0 | ||
| 008 | 731210s1964 dcuab b f000 0 eng c | ||
| 010 | _ahew65000044 | ||
| 035 | _a(OCoLC)757286 | ||
| 040 |
_aU.S. Dept. of Health, Education, and Welfare. Library _cOClU _dOCoLC _dDLC |
||
| 042 | _apremarc | ||
| 050 | 0 | 0 |
_aL111 _b.A6 1964, no. 34 |
| 051 |
_aLA2121 _b.B46 |
||
| 100 | 1 |
_aBerrien, Marcia Taff, _d1925- |
|
| 245 | 0 | 0 |
_aEducation in New Zealand, _cby Marcia T. Berrien. |
| 260 |
_a[Washington] _bU.S. Dept. of Health, Education, and Welfare, Office of Education; [for sale by the Superintendent of Documents, U.S. Govt. Print. Off., _c1964] |
||
| 300 |
_avi, 87 p. _billus., map. _c24 cm. |
||
| 490 | 1 |
_aU.S. Office of Education. Bulletin 1964, _vno. 34 |
|
| 500 | _aStudies in comparative education. | ||
| 500 | _a"OE-14105." | ||
| 501 |
_aCopies 1 and 2 of L111.A6 with: Education in Peru / Adela R. Freeburger and Charles E. Hauch. Washington : U.S. Dept. of Health, Education, and Welfare, Office of Education, 1964. Bound together subsequent to publication. _5DLC |
||
| 504 | _aBibliography: p. 85-87. | ||
| 650 | 0 |
_aEducation _zNew Zealand. |
|
| 810 | 1 |
_aUnited States. _bOffice of Education. _tStudies in comparative education. |
|
| 999 |
_c34531 _d34531 |
||